<?xml version="1.0" encoding="UTF-8"?>
<collection xmlns="http://www.loc.gov/MARC21/slim">
 <record>
  <leader>01249nam a2200277 a 4500</leader>
  <controlfield tag="001">MAT.inmabb004289</controlfield>
  <controlfield tag="008">070227s1990####gw#a#####b####001#0#eng##</controlfield>
  <controlfield tag="005">20170517145123.0</controlfield>
  <datafield tag="245" ind1="0" ind2="0">
   <subfield code="a">Dynamical systems IV :</subfield>
   <subfield code="b">Symplectic geometry and its applications /</subfield>
   <subfield code="c">V. I. Arnol'd, S. P. Novikov (eds.).</subfield>
  </datafield>
  <datafield tag="260" ind1=" " ind2=" ">
   <subfield code="a">Berlin :</subfield>
   <subfield code="b">Springer-Verlag,</subfield>
   <subfield code="c">c1990.</subfield>
  </datafield>
  <datafield tag="300" ind1=" " ind2=" ">
   <subfield code="a">283 p. :</subfield>
   <subfield code="b">il. ;</subfield>
   <subfield code="c">24 cm.</subfield>
  </datafield>
  <datafield tag="440" ind1=" " ind2="0">
   <subfield code="a">Encyclopaedia of mathematical sciences ;</subfield>
   <subfield code="v">v. 4</subfield>
  </datafield>
  <datafield tag="500" ind1=" " ind2=" ">
   <subfield code="a">Traducido de la edición original rusa (Moscú : VINITI, 1985) por G. Wassermann.</subfield>
  </datafield>
  <datafield tag="504" ind1=" " ind2=" ">
   <subfield code="a">Incluye referencias bibliográficas e índice.</subfield>
  </datafield>
  <datafield tag="505" ind1="0" ind2="0">
   <subfield code="t">Symplectic geometry /</subfield>
   <subfield code="r">V. I. Arnol'd and A. B. Givental' --</subfield>
   <subfield code="t">Geometric quantization /</subfield>
   <subfield code="r">A. A. Kirillov --</subfield>
   <subfield code="t">Integrable systems. I /</subfield>
   <subfield code="r">B. A. Dubrovin, I. M. Krichever, S. P. Novikov.</subfield>
  </datafield>
  <datafield tag="510" ind1="4" ind2=" ">
   <subfield code="a">MR,</subfield>
   <subfield code="c">90j:58039</subfield>
  </datafield>
  <datafield tag="020" ind1=" " ind2=" ">
   <subfield code="a">3540170030 (Berlin)</subfield>
  </datafield>
  <datafield tag="020" ind1=" " ind2=" ">
   <subfield code="a">0387170030 (New York)</subfield>
  </datafield>
  <datafield tag="700" ind1="1" ind2=" ">
   <subfield code="a">Arnol´d, V. I.</subfield>
   <subfield code="q">(Vladimir Igorevich),</subfield>
   <subfield code="d">1937-</subfield>
   <subfield code="4">edt</subfield>
  </datafield>
  <datafield tag="700" ind1="1" ind2=" ">
   <subfield code="a">Novikov, Sergei Petrovich.</subfield>
   <subfield code="4">edt</subfield>
  </datafield>
  <datafield tag="830" ind1=" " ind2="0">
   <subfield code="a">Dinamicheskie sistemy.</subfield>
   <subfield code="l">Inglés ;</subfield>
   <subfield code="v">4.</subfield>
  </datafield>
  <datafield tag="246" ind1="3" ind2="0">
   <subfield code="a">Symplectic geometry and its applications</subfield>
  </datafield>
  <datafield tag="650" ind1=" " ind2="0">
   <subfield code="a">Symplectic geometry.</subfield>
  </datafield>
  <datafield tag="084" ind1=" " ind2=" ">
   <subfield code="a">58Fxx</subfield>
   <subfield code="2">MR</subfield>
  </datafield>
  <datafield tag="041" ind1="1" ind2=" ">
   <subfield code="a">eng</subfield>
   <subfield code="h">rus</subfield>
  </datafield>
  <datafield tag="859" ind1=" " ind2=" ">
   <subfield code="h">58</subfield>
   <subfield code="i">D583</subfield>
   <subfield code="p">A-6477</subfield>
   <subfield code="v">4</subfield>
   <subfield code="3">Vol. IV</subfield>
   <subfield code="b">BIB. MATEMATICA</subfield>
  </datafield>
 </record>
</collection>
